KOHA-Header-6

The Complete Reference;Excel 2000 (Record no. 8484)

000 -LEADER
fixed length control field 00263nam a2200109Ia 4500
100 ## - MAIN ENTRY--AUTHOR NAME
Personal name Ivens,Kathy
245 #4 - TITLE STATEMENT
Title The Complete Reference;Excel 2000
260 ## - PUBLICATION, DISTRIBUTION, ETC. (IMPRINT)
Place of publication London
Name of publisher Addison
Year of publication 1999
300 ## - PHYSICAL DESCRIPTION
Number of Pages 610
942 ## - ADDED ENTRY ELEMENTS (KOHA)
Koha item type Books
Holdings
Withdrawn status Lost status Collection code Permanent Location Current Location Shelving location Date acquired Full call number Accession Number Koha item type
    Computer Science MAJU MAJU Shelf No.A16 2019-09-14 005.2 3220 Computer Science

Powered by Koha